000 00763nam a2200253 i 4500
001 C2-0116449
003 PPAK
005 20180727105836.0
008 970721s1988 my |||| ||||| | may d
040 _aPPAK
_beng
_cPPAK
_erda
082 0 4 _a899.231
_223
090 0 0 _a899.231
_bGEM
_dKAR
090 0 0 _a899.231
_bGEM
_dKIH
090 0 0 _a899.231
_bGEM
_dKK
245 0 0 _aGema membelah gema 9 :
_bantologi puisi Hari Puisi Nasional Kesebelas
264 1 _aKuala Terangganu, Terengganu :
_bJawatankuasa Penyelenggara Hari Puisi Nasional Kesebelas ,
_c1988
300 _aix, 75 pages ;
_c20 cm
336 _2rdacontent
_atext
337 _2rdamedia
_aunmediated
338 _2rdacarrier
_avolume
650 1 0 _aMalay poetry.
700 _eauthor
942 _ddc
_cB
999 _c30627
_d30627